| 000 | 00545nam a2200181 i 4500 | ||
|---|---|---|---|
| 001 | 59473 | ||
| 003 | ES-MaACL | ||
| 005 | 20230906164035.0 | ||
| 007 | t| | ||
| 008 | 031029s1953 sp ||||1| fre d | ||
| 100 | 1 |
_aEnsenyat, Bartolomé. _947294 |
|
| 245 | 1 | 0 |
_aChant a Majorque / _cB. Ensenyat ; [traduction l'abbé J. Pons]. |
| 260 |
_aPalma de Majorque : _bClumba, _c1953 ( _fSoler) |
||
| 300 |
_a76 p., 40 lám. ; _c17 cm. |
||
| 500 | _aLas 3 últimas son de música. | ||
| 700 | 1 |
_aPons, J. _992990 |
|
| 852 |
_aES-MaACL _jD-8881 _bR.34270 |
||
| 999 |
_c59473 _d59473 |
||